LIBRARY ONLINE CATALOGUE

Basic immunology (Record no. 19093)

MARC details
000 -LEADER
fixed length control field 00509nam a22001817a 4500
008 - FIXED-LENGTH DATA ELEMENTS--GENERAL INFORMATION
fixed length control field 211104b |||||||| |||| 00| 0 eng d
020 ## - INTERNATIONAL STANDARD BOOK NUMBER
International Standard Book Number 0323549431
050 ## - LIBRARY OF CONGRESS CALL NUMBER
Classification number QR181 .A23 2020 C.1
100 ## - MAIN ENTRY--PERSONAL NAME
Personal name Abbas, Abul K.
245 ## - TITLE STATEMENT
Title Basic immunology
Remainder of title Functions and disorders of the immune system
Statement of responsibility, etc. Abul K. Abbas
250 ## - EDITION STATEMENT
Edition statement 6th ed.
260 ## - PUBLICATION, DISTRIBUTION, ETC. (IMPRINT)
Place of publication, distribution, etc. Philadelphia
Name of publisher, distributor, etc. Elsevier
Date of publication, distribution, etc. 2020
300 ## - PHYSICAL DESCRIPTION
Extent vii, 319p.
650 ## - SUBJECT ADDED ENTRY--TOPICAL TERM
Topical term or geographic name as entry element Immunology
700 ## - ADDED ENTRY--PERSONAL NAME
Personal name Lichtman, Andrew H.
700 ## - ADDED ENTRY--PERSONAL NAME
Personal name Pillai, Shiv
942 ## - ADDED ENTRY ELEMENTS (KOHA)
Source of classification or shelving scheme Library of Congress Classification
Koha item type General Collection
Holdings
Withdrawn status Lost status Source of classification or shelving scheme Not for loan Home library Current library Date acquired Cost, normal purchase price Total Checkouts Total Renewals Full call number Barcode Checked out Date last seen Date last checked out Price effective from Koha item type
    Library of Congress Classification   Kabarak, Main Campus Kabarak, Main Campus 04/11/2021 6410.00 15 5 QR181 .A23 2020 C.1 031201 13/02/2026 28/01/2026 28/01/2026 04/11/2021 General Collection
    Library of Congress Classification   Kabarak, Main Campus Kabarak, Main Campus 04/11/2021 6410.00 11 2 QR181 .A23 2020 C.2 031202   08/04/2026 27/03/2026 04/11/2021 General Collection